Nonverbale Interaktion in der Psychotherapie : forschung und relevanz im therapeutischen prozess

Αποθηκεύτηκε σε:
Λεπτομέρειες βιβλιογραφικής εγγραφής
Άλλοι συγγραφείς: Geibler, Peter (Επιμελητής έκδοσης)
Μορφή: Βιβλίο
Γλώσσα:German
Δημοσίευση: Gieben : Psychosozial-Verlag, 2005
Σειρά:Edition psychosozial
Θέματα:
Ετικέτες: Προσθήκη ετικέτας
Δεν υπάρχουν, Καταχωρήστε ετικέτα πρώτοι!

MARC

LEADER 00000nam a2200000 i 4500
001 1/74956
008 080219s2005 ger d
020 |a 3-89806-350-X 
035 |l 10094792 
040 |a GR-MY-UA  |b gre  |e aacr 
041 0 |a ger 
082 0 |a 616.89  |2 (22) 
245 1 0 |a Nonverbale Interaktion in der Psychotherapie :  |b forschung und relevanz im therapeutischen prozess /  |c Peter Geiler (Hg.) 
260 |a Gieben :   |b Psychosozial-Verlag,   |c 2005 
300 |a 413 σ.;  |c 21 εκ. 
490 1 |a Edition psychosozial 
504 |a Περιλαμβάνει βιβλιογραφίες και ευρετήριο 
650 0 0 |a Psychotherapeutic Processes. 
650 0 0 |a Communication. 
650 0 0 |a Psychotherapy  |x Differential therapeutics. 
650 0 0 |a Body language. 
700 1 |a Geibler, Peter.  |4 edt 
830 0 |a Edition psychosozial 
852 |a INST  |b RHODES  |e 20080219  |h 616.89 NON  |p 005400029874  |q 005400029874  |t BK  |y 0 
901 |a BIBL4-2008-1 
909 |a Ρ  |b 144808 
922 |a 4ΕΛΗ  |b 200801  |c ΕΠΕΑΕΚ2/ΤΕΠΑΕΣ  |d ΕΛΕΥΘΕΡΟΥΔΑΚΗΣ 
970 |a ΜΙΣΣΟΣ  |b ΣΤΑΥΡΟΣ  |z 2008/02/19